| 000 | 00785naa a22001697i 4500 | ||
|---|---|---|---|
| 001 | 8733 | ||
| 003 | KOSZ 005 | ||
| 005 | 20180403110054.0 | ||
| 008 | 180301s2011 pl |||f| ||||0|| ||pol d | ||
| 040 |
_cKOSZ 005/HR _aKOSZ 005/HR |
||
| 041 | 0 | _apol | |
| 100 | 1 |
_aDUER, Stanisław. _d2003 - . _bPolitechnika Koszalińska - Wydział Mechaniczny, _cKatedra Zastosowań Elektroniki i Elektrotechniki |
|
| 245 | 1 | 0 |
_aDiagnozowanie samochodowej sieci informacyjnej / _cStanisław Duer, Konrad Zajkowski. |
| 773 | 0 |
_iW : _tAutobusy. - _dŁódź : Inst. Naukowo-Wydawniczy "SPATIUM". - _g2011, nr 5, s. 130-136 _x1509-5878 |
|
| 700 | 1 |
_aZAJKOWSKI, Konrad. _d1999 - . _bPolitechnika Koszalińska - Wydział Mechaniczny, _cKatedra Zastosowań Elektroniki i Elektrotechniki |
|
| 942 |
_cART _2UKD |
||
| 999 |
_c8733 _d8733 |
||